<?xml version="1.0" encoding="UTF-8"?>
<record
    xmlns:xsi="http://www.w3.org/2001/XMLSchema-instance"
    xsi:schemaLocation="http://www.loc.gov/MARC21/slim http://www.loc.gov/standards/marcxml/schema/MARC21slim.xsd"
    xmlns="http://www.loc.gov/MARC21/slim">

  <leader>03096njm a2200481Ia 4500</leader>
  <controlfield tag="001">24010</controlfield>
  <controlfield tag="003">IT-RoPAU</controlfield>
  <controlfield tag="005">20220918181125.0</controlfield>
  <controlfield tag="008">131025s9999    xx            000 0 und d</controlfield>
  <datafield tag="040" ind1=" " ind2=" ">
    <subfield code="a">IT-RoPAU</subfield>
  </datafield>
  <datafield tag="040" ind1=" " ind2=" ">
    <subfield code="c">IT-RoPAU</subfield>
  </datafield>
  <datafield tag="041" ind1=" " ind2=" ">
    <subfield code="a">ITALIANO</subfield>
  </datafield>
  <datafield tag="999" ind1=" " ind2=" ">
    <subfield code="c">100077</subfield>
    <subfield code="d">100077</subfield>
  </datafield>
  <datafield tag="999" ind1=" " ind2=" ">
    <subfield code="b">n.d.</subfield>
  </datafield>
  <datafield tag="100" ind1=" " ind2=" ">
    <subfield code="a">AA.VV.</subfield>
    <subfield code="9">794</subfield>
  </datafield>
  <datafield tag="100" ind1=" " ind2=" ">
    <subfield code="e">Autore musica</subfield>
    <subfield code="9">8229</subfield>
  </datafield>
  <datafield tag="100" ind1=" " ind2=" ">
    <subfield code="g">Codice autore musica SPICS: 12000</subfield>
    <subfield code="9">796</subfield>
  </datafield>
  <datafield tag="245" ind1=" " ind2=" ">
    <subfield code="a">Rocco Bandera e suo fratello-Fisarmoniche e ritmi(Lp 20046)</subfield>
  </datafield>
  <datafield tag="250" ind1=" " ind2=" ">
    <subfield code="a">1a ed.</subfield>
  </datafield>
  <datafield tag="260" ind1=" " ind2=" ">
    <subfield code="a">MILANO</subfield>
  </datafield>
  <datafield tag="260" ind1=" " ind2=" ">
    <subfield code="b">COMBO RECORD</subfield>
    <subfield code="c">1970 [1a Ed.:1970]</subfield>
  </datafield>
  <datafield tag="300" ind1=" " ind2=" ">
    <subfield code="a">DISCO</subfield>
  </datafield>
  <datafield tag="500" ind1=" " ind2=" ">
    <subfield code="a">Canzone popolare. Musica flok. Arrangiamento. Fisarmonica. Valzer, mazurca, tarantella, marcia, quadriglia, fox trot.</subfield>
  </datafield>
  <datafield tag="505" ind1=" " ind2=" ">
    <subfield code="a">Reginella campagnola (ritmo allegro) - Sbarazzina (valzer) - Cesarina (mazurka) - Quadriglia napoletana (quadriglia) - I pompieri di Viggi&#xF9; (ritmo allegro) - Tic-ti tic-ta (fox-trot) - Fantasia americana (valzer) - Piemontesina (valzer) - La mazurca di Carolina - Tarantella tipica calabrese (tarantella) - Il valzer della povera gente - Mademoiselle de Paris (valzer) - Il tamburo della banda d'Affori (marcia) - Francescamaria (valzer)</subfield>
  </datafield>
  <datafield tag="650" ind1=" " ind2=" ">
    <subfield code="a">FOLK [DISCHI]</subfield>
    <subfield code="e">Codice MATERIA SPICS: 9950</subfield>
    <subfield code="9">1209</subfield>
  </datafield>
  <datafield tag="700" ind1=" " ind2=" ">
    <subfield code="a">Bandera Rocco</subfield>
    <subfield code="g">Codice interprete SPICS:  7884</subfield>
    <subfield code="9">8230</subfield>
    <subfield code="e">Interprete</subfield>
  </datafield>
  <datafield tag="700" ind1=" " ind2=" ">
    <subfield code="a">Di Lazzaro Eldo</subfield>
    <subfield code="g">Codice autore testo/musica SPICS: 13500</subfield>
    <subfield code="e">Autore testo/musica</subfield>
    <subfield code="p">Reginella campagnola - Sbarazzina</subfield>
    <subfield code="9">8231</subfield>
  </datafield>
  <datafield tag="700" ind1=" " ind2=" ">
    <subfield code="a">Pezzolo</subfield>
    <subfield code="g">Codice autore musica SPICS: 18091</subfield>
    <subfield code="e">Autore musica</subfield>
    <subfield code="p">Cesarina</subfield>
    <subfield code="9">8232</subfield>
  </datafield>
  <datafield tag="700" ind1=" " ind2=" ">
    <subfield code="a">Dunnio</subfield>
    <subfield code="g">Codice autore musica SPICS: 18092</subfield>
    <subfield code="e">Autore musica</subfield>
    <subfield code="p">Quadriglia napoletana</subfield>
    <subfield code="9">8233</subfield>
  </datafield>
  <datafield tag="700" ind1=" " ind2=" ">
    <subfield code="a">Fragna Armando</subfield>
    <subfield code="g">Codice autore musica SPICS: 13570</subfield>
    <subfield code="e">Autore musica</subfield>
    <subfield code="p">I pompieri di Viggi&#xF9;</subfield>
    <subfield code="9">8234</subfield>
  </datafield>
  <datafield tag="700" ind1=" " ind2=" ">
    <subfield code="a">Lama Gaetano</subfield>
    <subfield code="g">Codice autore musica SPICS: 13468</subfield>
    <subfield code="e">Autore musica</subfield>
    <subfield code="p">Tic-ti tic-ta</subfield>
    <subfield code="9">8235</subfield>
  </datafield>
  <datafield tag="700" ind1=" " ind2=" ">
    <subfield code="a">Parti</subfield>
    <subfield code="g">Codice autore musica SPICS: 18093</subfield>
    <subfield code="e">Autore musica</subfield>
    <subfield code="p">Fantasia americana</subfield>
    <subfield code="9">8236</subfield>
  </datafield>
  <datafield tag="700" ind1=" " ind2=" ">
    <subfield code="a">Raimondo Giovanni</subfield>
    <subfield code="g">Codice autore musica SPICS: 13444</subfield>
    <subfield code="e">Autore musica</subfield>
    <subfield code="p">Piemontesina</subfield>
    <subfield code="9">8237</subfield>
  </datafield>
  <datafield tag="700" ind1=" " ind2=" ">
    <subfield code="a">Redi Bruno</subfield>
    <subfield code="g">Codice autore musica SPICS: 18094</subfield>
    <subfield code="e">Autore musica</subfield>
    <subfield code="p">La mazurca di Carolina</subfield>
    <subfield code="9">8238</subfield>
  </datafield>
  <datafield tag="700" ind1=" " ind2=" ">
    <subfield code="a">Scalzo</subfield>
    <subfield code="g">Codice autore musica SPICS: 18095</subfield>
    <subfield code="e">Autore musica</subfield>
    <subfield code="p">Tarantella tipica calabrese</subfield>
    <subfield code="9">8239</subfield>
  </datafield>
  <datafield tag="700" ind1=" " ind2=" ">
    <subfield code="a">Mazzucca</subfield>
    <subfield code="g">Codice autore SPICS: 18096</subfield>
    <subfield code="e">Autore</subfield>
    <subfield code="p">Tarantella tipica calabrese</subfield>
    <subfield code="9">8240</subfield>
  </datafield>
  <datafield tag="700" ind1=" " ind2=" ">
    <subfield code="a">Spadaro Odoardo</subfield>
    <subfield code="g">Codice autore musica SPICS: 1159</subfield>
    <subfield code="e">Autore musica</subfield>
    <subfield code="p">Il valzer della povera gente</subfield>
    <subfield code="9">8241</subfield>
  </datafield>
  <datafield tag="700" ind1=" " ind2=" ">
    <subfield code="a">Durand</subfield>
    <subfield code="g">Codice autore musica SPICS: 18097</subfield>
    <subfield code="e">Autore musica</subfield>
    <subfield code="p">Mademoiselle de Paris</subfield>
    <subfield code="9">8242</subfield>
  </datafield>
  <datafield tag="700" ind1=" " ind2=" ">
    <subfield code="a">Ravasini Nino</subfield>
    <subfield code="g">Codice autore musica SPICS: 13383</subfield>
    <subfield code="e">Autore musica</subfield>
    <subfield code="p">Il tamburo della banda d'Affori</subfield>
    <subfield code="9">8243</subfield>
  </datafield>
  <datafield tag="700" ind1=" " ind2=" ">
    <subfield code="a">Rastelli Nino</subfield>
    <subfield code="g">Codice autore SPICS: 13482</subfield>
    <subfield code="e">Autore</subfield>
    <subfield code="p">Il tamburo della banda d'Affori - Francescamaria</subfield>
    <subfield code="9">8244</subfield>
  </datafield>
  <datafield tag="700" ind1=" " ind2=" ">
    <subfield code="a">Panzeri Mario</subfield>
    <subfield code="g">Codice autore testo/musica SPICS: 13372</subfield>
    <subfield code="e">Autore testo/musica</subfield>
    <subfield code="p">Il tamburo della banda d'Affori - Francescamaria</subfield>
    <subfield code="9">8245</subfield>
  </datafield>
  <datafield tag="700" ind1=" " ind2=" ">
    <subfield code="a">Schisa</subfield>
    <subfield code="g">Codice autore musica SPICS: 14193</subfield>
    <subfield code="e">Autore musica</subfield>
    <subfield code="p">Francescamaria</subfield>
    <subfield code="9">8246</subfield>
  </datafield>
  <datafield tag="942" ind1=" " ind2=" ">
    <subfield code="c">MD</subfield>
    <subfield code="2">ddc</subfield>
  </datafield>
  <datafield tag="952" ind1=" " ind2=" ">
    <subfield code="0">0</subfield>
    <subfield code="1">0</subfield>
    <subfield code="4">0</subfield>
    <subfield code="6">24010_000000000000000</subfield>
    <subfield code="7">1</subfield>
    <subfield code="a">SPICS</subfield>
    <subfield code="b">SPICS</subfield>
    <subfield code="d">2013-10-25</subfield>
    <subfield code="l">0</subfield>
    <subfield code="o">24010</subfield>
    <subfield code="r">2013-10-25 00:00:00</subfield>
    <subfield code="w">2013-10-25</subfield>
    <subfield code="y">MD</subfield>
    <subfield code="z">Progr. Ins.: 4857 / N.Vol.: 1 / Copie: 1 - Copia rara: n.d. / date import: 01.01.2014 - By Epidotti, Trombetti, Vaglietti</subfield>
  </datafield>
</record>
